000 00859nam a22002177a 4500
999 _c1024
_d1024
003 AR-CdUCM
008 190226b ||||| |||| 00| 0 spa d
040 _aMUNICIPALIDAD PROVINCIAL DEL CUSCO
_cBIBLIOTECA MUNICIPAL DEL CUSCO
082 _a271.009 /
_bG88
100 _aGuerrero, Jose
_93987
245 _aLa Vida Religiosa en la Iglesia del Post-Concilio :
_bComentario al decreto de los Religiosos /
260 _aEspaña :
_bEl mensajero del corazón de Jesús,
_c1967.
300 _a311 paginas ;
_c19 cm.
505 _a¿Renovación de fachada? -- ¿Los principios de una "adecuada renovación"? -- La castidad consagrada -- Cristo el gran pobre Yahveh...
650 _aLaico
_93988
650 _aVida religiosa
_93864
650 _aHabito religioso
_93788
650 _aEspíritu providente
_93989
942 _2ddc
_cLIBROS
945 _awnts
_d2019-02-26